Tintin Book Trivia - Explorers on the Moon - Statistics

General Stats
  • This quiz has been taken 7 times
  • The average score is 5 of 15
Answer Stats
Question Answer % Correct
Prequel Destination Moon
100%
Location of Book The Moon
100%
Smuggling Container of Whiskey Guide to Astronomy Book
67%
Crewmate who died by floating out of space Frank Wolff
50%
Dwarf Planet which Haddock almost becomes a satellite of Adonis
33%
Natural Feature in which Snowy falls (starts with c) Cave
33%
Landing Site of Rocket (Earth) Syldavia
33%
Machine used for traveling on the moon Tank
33%
How long were the lunar crew on the moon? 6 terrestrial days
17%
Natural Feature in which almost Tintin & Haddock almost fall into (starts with c, also) Crevasse
17%
Tintin’s First Description of the Moon A Nightmare Land
0%
Main Antagonist Colonel Boris Jorgen
0%
Landing Site of Rocket (Moon) Hipparchus Crater
0%
Plan to hijack the rocket Operation Ulysses
0%
Lunar Sea nearby rocket landing site Sea of Nectar
0%
No matching quizzes found
Score Distribution
Percent of People with Each Score
Percentile by Number Answered
Your Score History
You have not taken this quiz